Kapitálová a finančná štruktúra, zadlženosť a platobná neschopnosť - problémy podnikovej sféry v Slovenskej republike

Stav a vývoj kapitálovej a finančnej štruktúry podnikov na Slovensku. Zadlženosť podnikovej sféry. Záverečné hodnotenie kapitálovej a finančnej štruktúry slovenských podnikov - ovplyvnené vývojom počas obdobia direktívne riadenej ekonomiky (pozostatok trhovo nevhodných finančných štruktúr).

Uložené v:
Podrobná bibliografia
Hlavný autor: Sivák, Rudolf, 1955-
Médium: Kapitola
Jazyk:Slovak
Predmet:
Tagy: Pridať tag
Žiadne tagy, Buďte prvý, kto otaguje tento záznam!

MARC

LEADER 00000naa a2200000 4500
001 r044094
005 20250924095121.0
041 0 |a slo 
044 |a SK 
245 1 0 |a Kapitálová a finančná štruktúra, zadlženosť a platobná neschopnosť - problémy podnikovej sféry v Slovenskej republike  |c Rudolf Sivák 
520 |a Stav a vývoj kapitálovej a finančnej štruktúry podnikov na Slovensku. Zadlženosť podnikovej sféry. Záverečné hodnotenie kapitálovej a finančnej štruktúry slovenských podnikov - ovplyvnené vývojom počas obdobia direktívne riadenej ekonomiky (pozostatok trhovo nevhodných finančných štruktúr). 
610 2 0 |a podnik 
610 2 0 |a hospodárenie finančné 
610 2 0 |a hospodárenie podnikové 
610 2 0 |a kapitál podnikový 
610 2 0 |a zadlženosť 
610 2 0 |a insolventnosť 
610 2 0 |a dlhy 
610 2 0 |a neschopnosť platobná 
610 2 0 |a Slovensko 
100 1 |a Sivák, Rudolf, 1955-